Statistics for Movies Based on Books by Author and Movie Summary #1

Click here to take the quiz!

General Stats

  • This quiz has been taken 50 times
  • The average score is 7 of 10

Answer Stats

Movie Release YearAuthor of the BookDirector(s) of the MovieMovie SummaryAnswer% Correct
2013F. Scott FitzgeraldBaz LuhrmannA writer and wall street trader, Nick, finds himself drawn to the past and lifestyle of his millionaire neighbor, Jay Gatsby.The Great Gatsby
98%
1975Peter BenchleySteven SpielbergWhen a killer shark unleashes chaos on a beach community, it's up to a local sheriff, a marine biologist, and an old seafarer to hunt the beast down.Jaws
96%
2008Stephenie MeyerCatherine HardwickeBella Swan moves to Forks and encounters Edward Cullen, a gorgeous boy with a secret.Twilight
90%
1976Stephen KingBrian De PalmaCarrie White, a shy, friendless teenage girl who is sheltered by her domineering, religious mother, unleashes her telekinetic powers after being humiliated by her classmates at her senior prom.Carrie
88%
2012Suzanne CollinsFrancis LawrenceKatniss Everdeen voluntarily takes her younger sister's place in the Hunger Games: a televised competition in which two teenagers from each of the twelve Districts of Panem are chosen at random to fight to the death.The Hunger Games
88%
1960Robert BlochAlfred HitchcockA Phoenix secretary embezzles forty thousand dollars from her employer's client, goes on the run, and checks into a remote motel run by a young man under the domination of his mother.Psycho
81%
2014James DashnerWes BallThomas is deposited in a community of boys after his memory is erased, soon learning they're all trapped in a maze that will require him to join forces with fellow "runners" for a shot at escape.The Maze Runner
71%
1939Margaret MitchellVictor FlemingA manipulative woman and a roguish man conduct a turbulent romance during the American Civil War and Reconstruction periods.Gone With the Wind
69%
2004Nicholas SparksNick CassavetesA poor yet passionate young man falls in love with a rich young woman, giving her a sense of freedom, but they are soon separated because of their social differences.The Notebook
44%
2017W. Bruce CameronLasse HallströmA dog looks to discover his purpose in life over the course of several lifetimes and owners.A Dog's Purpose
21%

Score Distribution

Percentile by Number Answered

Percent of People with Each Score

Your Score History

You have not taken this quiz